| 000 | 00000nam##2200000za#4500 |
| 001 | 9.527143 |
| 003 | CaOODSP |
| 005 | 20200327085801 |
| 007 | ta |
| 008 | 150406|1996||||xxc||||| f|0| 0 fre|d |
| 020 | |a0-662-62355-X |
| 040 | |aCaOODSP|bfre |
| 041 | |aeng |
| 041 | |afre |
| 043 | |an-cn--- |
| 086 | 1 |aC21-25/3-1996 |
| 110 | 1 |aCanada.|bIndustrie Canada. |bDirection de l'analyse micro-économique. |
| 245 | 13|aLa régie des sociétés au Canada et les choix sur le plan des politiques / |cpar Ronald J. Daniels et Randall Morck. |
| 260 | |aOttawa - Ontario : |bIndustrie Canada. |c1996. |
| 300 | |aTexte français, 71p. : |c28 cm. |
| 490 | 1 |aDocument de discussion|v3 |
| 500 | |a«Dans ce document, nous examinons la prise de décisions dans les entreprises au Canada en tentant de préciser les facteurs qui ont parfois donné lieu à une régie d'entreprise moins qu'optimale.»--Page 1. |
| 504 | |aBibliographie. |
| 520 | 3 |aDans ce document, nous examinons la prise de décisions dans les entreprises au Canada en tentant de préciser les facteurs qui ont parfois donné lieu à une régie d'entreprise moins qu'optimale.--Page 1 |
| 546 | |aBilingue |
| 563 | |aCouverture souple |
| 590 | |a97-45|b1997-11-07 |
| 720 | 1 |aMorck, Randall |
| 720 | 1 |aDaniels, Ronald J. |
| 776 | 0#|tCanadian corporate governance policy options |w(CaOODSP)9.571964 |
| 776 | 0#|tLa régie des sociétés au Canada et les choix sur le plan des politiques |w(CaOODSP)9.602384 |
| 791 | |tCanadian corporate governance policy options / |eeng|w(CaOODSP)9.527142 |
| 830 | #0|aDocument de discussion ;|v3|w(CaOODSP)9.509055 |